000 00294nam a22001337a 4500
020 _a978-81-8495-523-1
082 _a920
_bMEM/M
100 _aMEMON,AYAZ
245 _aM S DHONI
260 _aMUMBAI
_bJAICO PUBLISHING HOUSE
300 _a21/11/2019
650 _aBIOGRAPHY
_zMUMBAI
942 _cBK
999 _c6190
_d6190